[Event "Polfinaly Mistrzostw Polski Juniorow 2023 C-13"]
[Site "Jastrzebia Gora"]
[Date "1899-12-30"]
[Round "8.17"]
[White "Lewek, Jakub"]
[Black "Piwowarczuk, Jeremiasz"]
[Result "1-0"]
[WhiteTitle "I"]
[BlackTitle "II"]
[WhiteElo "1333"]
[BlackElo "1012"]

1. f4 Nf6 2. d4 e6 3. Nf3 d5 4. e3 c5 5. c3 Nc6 6. Bd3 Qb6 7. O-O Bd7 8. Ne5 Bd6
9. Kh1 c4 10. Bc2 O-O 11. Nd2 Be8 12. Ndf3 Nd7 13. Rb1 Qc7 14. Qe1 h6 15. Nh4
Be7 16. Qg3 Qd8 17. Nhf3 Bf6 18. Bd2 Nb6 19. Qh3 Bd7 20. g4 Re8 21. Rg1 Bxe5 22.
fxe5 Kf8 23. g5 hxg5 24. Nxg5 Ke7 25. Nxf7 Kxf7 26. Rbf1+ Ke7 27. Qh4+ 1-0

[Event "Polfinaly Mistrzostw Polski Juniorow 2023 C-13"]
[Site "Jastrzebia Gora"]
[Date "1899-12-30"]
[Round "8.21"]
[White "Skrzypiec, Franciszek"]
[Black "Chmielnicki, Michal"]
[Result "1/2-1/2"]
[WhiteTitle "II"]
[BlackTitle "II"]
[WhiteElo "1280"]
[BlackElo "1116"]

1. e4 e5 2. Nf3 Nc6 3. d4 exd4 4. Bc4 Bc5 5. c3 Qf6 6. O-O Nge7 7. e5 Nxe5 8. Nxe5
Qxe5 9. Re1 Qf6 10. Qe2 O-O 11. cxd4 Bb4 12. Bd2 Bxd2 13. Nxd2 Nf5 14. Ne4 Qg6
15. Rad1 b6 16. d5 Bb7 17. Rd3 h6 18. Ng3 Nd6 19. Bb3 Ba6 20. Bc2 Bxd3 21. Bxd3
Qg5 22. Ne4 Nxe4 23. Qxe4 g6 24. h4 Qf6 25. Qg4 Rfe8 26. Rc1 Rad8 27. h5 Qg5 28.
Qxg5 hxg5 29. hxg6 fxg6 30. Bxg6 Re2 31. Rxc7 Rxb2 32. Rxa7 Rd2 33. Be4 Rd4 34.
f3 g4 35. Rb7 gxf3 36. gxf3 Rb4 37. Bf5 d6 38. a3 Rb2 39. a4 Re8 40. Be6+ Kh8
41. a5 Ra8 42. Rxb6 Rxb6 43. axb6 Rb8 44. Kg2 Rxb6 45. Kg3 Kg7 46. Kg4 Kf6 47.
f4 Rb4 48. Kg3 Rb3+ 49. Kg4 Rb4 50. Kg3 Rb1 51. f5 Ke5 1/2-1/2

[Event "Polfinaly Mistrzostw Polski Juniorow 2023 C-13"]
[Site "Jastrzebia Gora"]
[Date "1899-12-30"]
[Round "9.1"]
[White "Jagodzinski, Jaromir"]
[Black "Uhryn, Lukasz"]
[Result "1-0"]
[WhiteTitle "I"]
[BlackTitle "I"]
[WhiteElo "1527"]
[BlackElo "1435"]

1. e4 2. c5 3. Nf3 4. e6 5. d4 6. cxd4 7. Nxd4 8. Nf6 9. Nc3 10. Nc6 11. Ndb5 12.
Bb4 13. a3 14. Bxc3+ 15. Nxc3 16. d5 17. exd5 18. exd5 19. Bd3 20. d4 21. Ne2
22. Bg4 23. O-O O-O 24. Bg5 Re8 25. Re1 Qd6 26. Qd2 Rad8 27. Ng3 h6 28. Bf4 Qd7
29. f3 Be6 30. Bxh6 g6 31. Bg5 Kg7 32. Qf4 Nd5 33. Qh4 Rh8 1-0

[Event "Polfinaly Mistrzostw Polski Juniorow 2023 C-13"]
[Site "Jastrzebia Gora"]
[Date "1899-12-30"]
[Round "9.2"]
[White "Kaszuba, Michal"]
[Black "Oles, Mateusz"]
[Result "1/2-1/2"]
[WhiteTitle "II+"]
[BlackTitle "II+"]
[WhiteElo "1536"]
[BlackElo "1549"]

1. e4 2. c5 3. Nf3 4. d6 5. d4 6. cxd4 7. Nxd4 8. Nf6 9. Nc3 10. g6 11. Be3 12.
Bg7 13. f3 14. O-O 15. Qd2 16. Nc6 17. O-O-O 18. d5 19. h4 dxe4 20. Nxc6 Qxd2+
21. Bxd2 bxc6 22. Nxe4 Nxe4 23. fxe4 Rd8 24. Be2 Be6 25. b3 a5 26. Bg5 Kf8 27.
Rxd8+ Rxd8 28. Rd1 Rxd1+ 29. Kxd1 Bd4 30. Ke1 Ke8 31. Bf3 Kd7 32. Ke2 f6 33. Bf4
Bf7 34. Be3 e5 35. Bxd4 exd4 36. Kd3 c5 37. g3 Kd6 38. Bg4 Ke5 39. Bc8 g5 40.
Bf5 gxh4 41. gxh4 h5 42. a3 Kf4 43. b4 cxb4 44. axb4 axb4 45. Kxd4 Kg3 46. Kc5
b3 47. cxb3 Bxb3 48. Kd6 Kxh4 49. e5 Kg5 50. Bh3 fxe5 51. Kxe5 Kh4 52. Bd7 Kg3
53. Ke4 h4 54. Ke3 Bd1 55. Kd2 Bg4 56. Bxg4 Kxg4 57. Ke2 Kg3 58. Kf1 1/2-1/2

[Event "Polfinaly Mistrzostw Polski Juniorow 2023 C-13"]
[Site "Jastrzebia Gora"]
[Date "1899-12-30"]
[Round "9.3"]
[White "Staniczek, Kacper"]
[Black "Protas, Jakub"]
[Result "0-1"]
[WhiteTitle "I"]
[BlackTitle "II"]
[WhiteElo "1504"]
[BlackElo "1392"]

1. e4 2. Nf6 3. e5 4. Nd5 5. d4 6. d6 7. Nf3 8. Nc6 9. c4 10. Nb6 11. exd6 12.
exd6 13. Be2 14. Be7 15. O-O 16. Bf5 17. a3 18. a5 19. Nc3 20. Bf6 21. Be3 Bg4
22. Nd2 Bxe2 23. Qxe2 O-O 24. d5 Ne5 25. Nce4 Re8 26. Rac1 Ned7 27. Nxf6+ Qxf6
28. Nf3 Nc5 29. Qc2 Re4 30. Bxc5 Rxc4 31. Bd4 Rxc2 32. Bxf6 Rxc1 33. Rxc1 gxf6
34. Rxc7 Nxd5 35. Rxb7 Rc8 36. g3 Rc1+ 37. Kg2 Rc2 38. Nd4 Rd2 39. Nf5 h5 40.
Rb5 Nc7 41. Rxa5 Rxb2 42. Nxd6 Rb6 43. Nf5 Kh7 44. a4 Ne6 45. Ra7 Kg6 46. Ne7+
Kg7 47. a5 Rb4 48. Nf5+ Kg6 49. Nd6 Nd8 50. Ra8 Nc6 51. a6 Ra4 52. Nb5 Kg7 53.
Nc7 Ra5 54. Rc8 Nb4 55. Ra8 Nc6 56. Kf3 f5 57. Ne8+ Kf8 58. Nf6+ Ke7 59. Nxh5
Nb4 60. Ng7 Nxa6 0-1

[Event "Polfinaly Mistrzostw Polski Juniorow 2023 C-13"]
[Site "Jastrzebia Gora"]
[Date "1899-12-30"]
[Round "9.4"]
[White "Rajlich, Vaclav"]
[Black "Boguszewski, Kacper"]
[Result "1/2-1/2"]
[WhiteTitle "I"]
[BlackTitle "II"]
[WhiteElo "1539"]
[BlackElo "1211"]

1. e4 e6 2. d4 d5 3. e5 c5 4. c3 Nc6 5. Nf3 Bd7 6. Bd3 cxd4 7. cxd4 Qb6 8. Bc2
Bb4+ 9. Nc3 Nge7 10. O-O O-O 11. Qd3 g6 12. a3 Bxc3 13. bxc3 Rac8 14. Ng5 Kg7
15. Rb1 Qc7 16. Qh3 h5 17. Qh4 Nf5 18. Bxf5 exf5 19. Nh3 Nd8 20. Qf6+ Kh7 21.
Nf4 Ne6 22. Nxd5 Qa5 23. Ne7 Rce8 24. d5 Rxe7 25. Qxe7 Qxd5 26. Qd6 Qxd6 27. exd6
Bc6 28. Be3 b6 29. Rfd1 Rd8 30. f4 Kg7 31. Rd2 Rd7 32. Rb4 Nd8 33. Rbd4 Ne6 34.
Rc4 Nd8 35. Bd4+ f6 36. Re2 Kf7 37. Re7+ Rxe7 38. dxe7 Kxe7 39. a4 Ke6 40. Be3
Kd6 41. a5 bxa5 42. Bxa7 Ne6 43. Bb6 Kd5 1/2-1/2

[Event "Polfinaly Mistrzostw Polski Juniorow 2023 C-13"]
[Site "Jastrzebia Gora"]
[Date "1899-12-30"]
[Round "9.5"]
[White "Dobrowolski, Kamil"]
[Black "Lesik, Sebastian"]
[Result "1/2-1/2"]
[WhiteTitle "II+"]
[BlackTitle "II"]
[WhiteElo "1628"]
[BlackElo "1447"]

1. e4 2. c5 3. c3 4. Nf6 5. e5 6. Nd5 7. d4 8. cxd4 9. Nf3 10. e6 11. cxd4 12.
d6 13. Bc4 14. Be7 15. O-O 16. O-O 17. Re1 18. Bd7 19. Bxd5 exd5 20. Nc3 Bc6 21.
e6 Na6 22. exf7+ Rxf7 23. Qb3 Nc7 24. Bd2 h6 25. Re2 Qd7 26. Rae1 Raf8 27. Qc2
Bd8 28. Qg6 Rf6 29. Qh5 Qf5 30. Qxf5 Rxf5 31. Be3 Kf7 32. Rc2 Nb5 33. Nxb5 Bxb5
34. b3 Rf6 35. a4 Bd7 36. Ra2 Ba5 37. Bd2 Bxd2 38. Rxd2 Rc8 39. Rdd1 Re6 40. Kf1
1/2-1/2

[Event "Polfinaly Mistrzostw Polski Juniorow 2023 C-13"]
[Site "Jastrzebia Gora"]
[Date "1899-12-30"]
[Round "9.6"]
[White "Seemann, Adam"]
[Black "Iwan, Patryk"]
[Result "1-0"]
[WhiteTitle "II"]
[BlackTitle "II+"]
[WhiteElo "1501"]
[BlackElo "1466"]

1. e4 2. e5 3. Nf3 4. Nc6 5. d4 6. exd4 7. Bc4 8. Nf6 9. e5 10. d5 11. Bb5 12.
Ne4 13. Nxd4 14. Bd7 15. Bxc6 16. bxc6 17. O-O 18. Be7 19. Nb3 O-O 20. Be3 Bg5
21. f4 Bh6 22. N1d2 Nxd2 23. Qxd2 f6 24. Bd4 fxe5 25. Bxe5 Rf7 26. Qd4 Qc8 27.
Nc5 g6 28. Rae1 Bf8 29. Rf3 Bxc5 30. Qxc5 Be8 31. Rfe3 Qb7 32. Bc3 Bd7 33. Qd4
Kf8 34. Qh8# 1-0

[Event "Polfinaly Mistrzostw Polski Juniorow 2023 C-13"]
[Site "Jastrzebia Gora"]
[Date "1899-12-30"]
[Round "9.7"]
[White "Mielcuch, Karol"]
[Black "Golab, Antoni"]
[Result "1-0"]
[WhiteTitle "II+"]
[BlackTitle "II"]
[WhiteElo "1479"]
[BlackElo "1339"]

1. e4 2. c5 3. Nf3 4. d6 5. d4 6. cxd4 7. Nxd4 8. Nf6 9. Nc3 10. g6 11. Be3 12.
Bg7 13. f3 14. Nc6 15. Qd2 16. O-O 17. O-O-O 18. Nxd4 19. Bxd4 20. Be6 21. Kb1
22. Re8 23. g4 Qa5 24. h4 b5 25. b3 b4 26. Na4 Bd7 27. Nb2 h5 28. Nc4 Qc7 29.
Bxf6 Bxf6 30. gxh5 gxh5 31. Qh6 d5 32. Rg1+ Bg5 1-0

[Event "Polfinaly Mistrzostw Polski Juniorow 2023 C-13"]
[Site "Jastrzebia Gora"]
[Date "1899-12-30"]
[Round "9.8"]
[White "Burszczan, Piotr"]
[Black "Rabenda, Piotr"]
[Result "0-1"]
[WhiteTitle "II"]
[BlackTitle "II+"]
[WhiteElo "1316"]
[BlackElo "1468"]

1. d4 2. Nf6 3. c4 4. e6 5. g3 6. d5 7. Bg2 8. dxc4 9. Nf3 10. c5 11. e3 12. Be7
13. Qa4+ 14. Bd7 15. Qxc4 16. Nc6 17. O-O 18. cxd4 19. exd4 20. O-O 21. Nc3 22.
Rc8 23. Qb3 Na5 24. Qd1 Bc6 25. Re1 Nc4 26. Rb1 b6 27. Bf4 Nd5 28. Nxd5 Bxd5 29.
a3 Bf6 30. Ne5 Bxg2 31. Kxg2 Qd5+ 32. Kg1 Rfd8 33. Qh5 g6 34. Ng4 Bg7 35. Qxd5
Rxd5 36. Rbc1 Rdd8 37. Bg5 Re8 38. Nf6+ Bxf6 39. Bxf6 Nxb2 40. d5 Nd3 41. Rxc8
Rxc8 42. Rd1 Nc5 43. d6 Nd7 44. Be7 f6 45. Rb1 Kf7 46. a4 a5 47. f4 f5 48. h3
Ke8 49. Rd1 Rc6 50. h4 Nc5 51. Rd4 Kd7 52. Kg2 Nb7 53. Kf3 Nxd6 54. Bf8 Kc7 55.
g4 Ne4 56. g5 Kb7 57. Rd7+ Rc7 58. Rd4 Kc8 59. Bh6 Rd7 60. Rc4+ Kb7 61. Bf8 Nd2+
0-1

[Event "Polfinaly Mistrzostw Polski Juniorow 2023 C-13"]
[Site "Jastrzebia Gora"]
[Date "1899-12-30"]
[Round "9.9"]
[White "Krogulski, Maksymilian"]
[Black "Hlubek, Tymoteusz"]
[Result "1/2-1/2"]
[WhiteTitle "I"]
[BlackTitle "II+"]
[WhiteElo "1441"]
[BlackElo "1207"]

1. e4 2. c6 3. Nf3 4. d5 5. Nc3 6. dxe4 7. Nxe4 8. Nf6 9. Qe2 10. Bf5 11. Nxf6+
12. gxf6 13. b3 14. Nd7 15. Bb2 16. Qc7 17. Nd4 18. Bg6 19. O-O-O 20. O-O-O 21.
h4 h6 22. g3 e5 23. Nf3 Qa5 24. a4 Bg7 25. Bh3 Kb8 26. d4 Rhe8 27. dxe5 Nxe5 28.
Rxd8+ Rxd8 29. Nxe5 fxe5 30. f4 Ka8 31. Rd1 Rxd1+ 32. Qxd1 a6 33. f5 Bh7 34. Qd2
Qc5 35. Bc3 Qg1+ 36. Qe1 Qxe1+ 37. Bxe1 f6 38. Bb4 b6 39. Be7 Kb7 40. g4 Kc7 41.
Bf1 Kd7 42. Bb4 a5 43. Bd2 h5 44. Bh3 hxg4 45. Bxg4 Bg8 46. c4 Kd6 47. Kc2 Bf7
48. Be3 c5 1/2-1/2

[Event "Polfinaly Mistrzostw Polski Juniorow 2023 C-13"]
[Site "Jastrzebia Gora"]
[Date "1899-12-30"]
[Round "9.10"]
[White "Dunda, Szymon"]
[Black "Goralski, Mateusz"]
[Result "0-1"]
[WhiteTitle "II"]
[BlackTitle "II"]
[WhiteElo "1324"]
[BlackElo "1354"]

1. e4 2. c5 3. Nf3 4. d6 5. d4 6. cxd4 7. Nxd4 8. Nf6 9. Nc3 10. Nc6 11. f3 12.
e5 13. Nb3 14. Be6 15. Be3 16. d5 17. exd5 18. Nxd5 19. Nxd5 20. Qxd5 21. Qxd5
22. Bxd5 23. c3 24. O-O-O 25. Be2 0-1

[Event "Polfinaly Mistrzostw Polski Juniorow 2023 C-13"]
[Site "Jastrzebia Gora"]
[Date "1899-12-30"]
[Round "9.11"]
[White "Szymczyk, Jan"]
[Black "Malecki, Patryk"]
[Result "1/2-1/2"]
[WhiteTitle "II"]
[BlackTitle "II"]
[WhiteElo "1201"]
[BlackElo "1152"]

1. e4 c6 2. d4 d5 3. exd5 cxd5 4. Bd3 Nf6 5. h3 Nc6 6. c3 g6 7. Bf4 Bg7 8. Nd2
Bf5 9. Qc2 Bxd3 10. Qxd3 O-O 11. Ngf3 a6 12. a4 1/2-1/2

[Event "Polfinaly Mistrzostw Polski Juniorow 2023 C-13"]
[Site "Jastrzebia Gora"]
[Date "1899-12-30"]
[Round "9.12"]
[White "Wozniak, Bartosz"]
[Black "Baranowski, Jan"]
[Result "1-0"]
[WhiteTitle "II"]
[BlackTitle "II"]
[WhiteElo "1121"]
[BlackElo "1275"]

1. e4 2. c5 3. Nf3 4. Nc6 5. d4 6. cxd4 7. Nxd4 8. g6 9. Nc3 10. Bg7 11. Be3 12.
Nf6 13. Bc4 O-O 14. Bb3 15. a5 16. a4 17. d6 18. f3 19. Bd7 20. Qd2 21. Nxd4 22.
Bxd4 23. Rb8 24. h4 b5 25. h5 bxa4 26. Nxa4 Rb4 27. Bxf6 exf6 28. hxg6 hxg6 29.
Qxd6 Re8 30. O-O-O Re7 31. Nc5 Rb6 32. Qd5 Qc7 33. Nxd7 1-0

[Event "Polfinaly Mistrzostw Polski Juniorow 2023 C-13"]
[Site "Jastrzebia Gora"]
[Date "1899-12-30"]
[Round "9.14"]
[White "Raszkiewicz, Wiktor"]
[Black "Kucinski, Jan"]
[Result "0-1"]
[WhiteTitle "II"]
[BlackTitle "II"]
[WhiteElo "1335"]
[BlackElo "1230"]

1. e4 2. e5 3. Nf3 4. Nc6 5. d4 6. exd4 7. Bc4 8. Bc5 9. c3 10. d6 11. cxd4 12.
Bb6 13. O-O 14. Nf6 15. Re1 16. O-O 17. h3 18. Nxe4 19. Rxe4 20. d5 0-1

[Event "Polfinaly Mistrzostw Polski Juniorow 2023 C-13"]
[Site "Jastrzebia Gora"]
[Date "1899-12-30"]
[Round "9.15"]
[White "Smejda, Hubert"]
[Black "Dunalski, Szymon"]
[Result "1/2-1/2"]
[WhiteTitle "III"]
[BlackTitle "II"]
[WhiteElo "1091"]
[BlackElo "1279"]

1. e4 2. c6 3. d4 4. d5 5. Nc3 6. dxe4 7. Nxe4 8. Bf5 9. Ng3 10. Bg6 11. Nf3 12.
h6 13. h4 14. Nd7 15. h5 16. Bh7 17. Bd3 18. Bxd3 19. Qxd3 20. e6 21. Bf4 22.
Ngf6 23. O-O-O 24. Be7 25. Kb1 O-O 26. Ne5 Nxe5 27. Bxe5 Ng4 28. Qe2 Nxe5 29.
dxe5 Qb6 30. f4 a5 31. Ne4 a4 32. g4 a3 33. b3 Rfd8 34. f5 Rd5 35. f6 Bf8 36.
Rxd5 cxd5 37. fxg7 Bxg7 38. Nf6+ Bxf6 39. exf6 Qd4 40. c3 Qxf6 41. Rh3 Rd8 42.
Rf3 Qe7 43. Qe5 Qg5 44. Qc7 Rf8 45. Kc2 Qd8 1/2-1/2

[Event "Polfinaly Mistrzostw Polski Juniorow 2023 C-13"]
[Site "Jastrzebia Gora"]
[Date "1899-12-30"]
[Round "9.17"]
[White "Sidor, Mateusz"]
[Black "Stasik, Marceli"]
[Result "1-0"]
[WhiteTitle "II"]
[BlackTitle "II"]
[WhiteElo "1063"]
[BlackElo "1122"]

1. d4 2. d5 3. Nf3 4. Nf6 5. c4 6. e6 7. Bg5 8. c5 9. e3 10. Nc6 11. cxd5 12. exd5
13. Nc3 14. Be6 15. Be2 16. cxd4 17. Nxd4 18. Nxd4 19. Qxd4 20. Be7 21. Bb5+ Bd7
22. Bxd7+ Qxd7 23. Rb1 h6 24. Bh4 O-O 25. O-O Rfd8 26. Rfd1 Qc6 27. Bxf6 Bxf6
28. Qb4 b6 29. Qb5 Qxb5 30. Nxb5 Rd7 31. Nc3 Bxc3 32. bxc3 Rc8 33. Rbc1 Rdc7 34.
Rd3 Kf8 35. Kf1 Ke7 36. Ke2 Ke6 37. Kd2 b5 38. Rd4 Rc4 39. Rb1 a6 40. Rb3 Rxd4+
41. exd4 Kd6 42. Kd3 Kc6 43. Rb2 Re8 44. Re2 Rxe2 45. Kxe2 b4 46. h3 Kb5 47. Kd3
Ka4 48. c4 Ka3 49. cxd5 Kxa2 50. d6 b3 51. d7 b2 52. d8=Q b1=Q+ 53. Ke3 Qb3+ 54.
Ke4 Qe6+ 55. Kd3 Qg6+ 56. Kd2 Qf5 57. Qc7 Qxf2+ 58. Kd3 Qf1+ 59. Ke4 Qxg2+ 60.
Kd3 1-0